| 000 | 01777cam a2200421 i 4500 | ||
|---|---|---|---|
| 001 | 16889 | ||
| 003 | KOSZ 005 | ||
| 005 | 20201216115119.0 | ||
| 008 | 040519s1976 pl a f |000 0 pol | ||
| 015 | _aPB 1976/7621 | ||
| 040 |
_cWA N _aWA N _dKOSZ 005/HR |
||
| 041 | 0 | _apol | |
| 046 | _k1976 | ||
| 080 | _a620.1 | ||
| 080 | _a658.56 | ||
| 080 | _a62-192 | ||
| 245 | 0 | 0 |
_aFizyczne aspekty trwałości i niezawodności obiektów technicznych / _cred. nauk. Stefan Ziemba ; Polska Akademia Nauk. Instytut Podstawowych Problemów Techniki. |
| 260 |
_aWarszawa ; _aPoznań : _bPańst. Wydaw. Nauk., _c1976. |
||
| 300 |
_a212 s. : _bil., tab., wykr. ; _c24 cm. |
||
| 336 |
_2rdacontent _aTekst _btxt |
||
| 337 |
_2rdamedia _aBez urządzenia pośredniczącego _bn |
||
| 338 |
_2rdacarrier _aWolumin _bnc |
||
| 380 | _aKsiążki | ||
| 380 | _aPublikacje naukowe | ||
| 388 | _a1901-2000 | ||
| 388 | _a1945-1989 | ||
| 501 | _aZawiera: Cz. 1. Wstęp do fizyki uszkodzeń / Zofia Handzel, S. Ziemba, cz. 2, Metody badania czynników wymuszających i właściwości obiektów technicznych w aspekcie analizy przyczyn uszkodzeń / Janina Filip [et al.]. | ||
| 504 | _aBibliogr. przy rozdz. | ||
| 650 | 4 | _aJakość produktu | |
| 650 | 4 | _aKontrola jakości | |
| 650 | 4 | _aNiezawodność urządzeń | |
| 658 | _aInżynieria i technika | ||
| 700 | 1 | 2 |
_aHandzel, Zofia. _tWstęp do fizyki uszkodzeń |
| 700 | 1 | 2 |
_aFilip, Janina. _tMetody badania czynników wymuszających i właściwości obiektów technicznych w aspekcie analizy przyczyn uszkodzeń |
| 700 | 1 |
_aZiemba, Stefan _d(1907-1994) _eRedakcja |
|
| 856 |
_uhttp://koha.tu.koszalin.pl/cgi-bin/koha/opac-detail.pl?biblionumber=16889 _yKatalog online BPK |
||
| 942 |
_2UKD _cKS |
||
| 999 |
_c16889 _d16889 |
||